000 00619cam a22002055a 4500
001 L140917
008 071017s1948 xxkce g 000 0deng d
035 _a(Sirsi) u140917
041 0 _aeng
050 0 4 _a920 $2 18
110 2 _aCluttons
_92064
245 0 0 _aCluttons
_bsome historical notes put together in 1948
260 _a[London]
_b[s.n.]
_c1948
300 _a49 p.
_bport., map
_c26 cm.
520 _aA history of the firm of Cluttons, including biographical information on the members of the Clutton family.
600 1 4 _aClutton, John
651 4 _aUnited Kingdom
_y
690 _aPROPERTY
942 _n0
999 _c107573
_d107573